| 000 | 00469nam a2200169Ia 4500 | ||
|---|---|---|---|
| 008 | 220216s9999 xx 000 0 und d | ||
| 100 |
_aYoung N D _cet al |
||
| 245 | 0 | _aRFLP mapping of a major bruchid resistance gene in mungbean (Vigna radiata, L. Wilczek) | |
| 260 |
_bTheoretical and Applied Genetics _c1992 |
||
| 300 | _a839-844 | ||
| 650 | _aCollasobruchus | ||
| 650 | _aDNA markers | ||
| 650 | _aInsect | ||
| 650 | _aLegume | ||
| 650 | _aRFLP | ||
| 942 | _cJS | ||
| 999 |
_c67012 _d67012 |
||